000 00892nam a22002177a 4500
003 BUBTL
008 220127b ||||| |||| 00| 0 eng d
020 _a9789843411822
082 _a954.92/ M7491b/ 2019
100 _94503
_aমনির, খায়রুল আলম
245 _aবঙ্গবন্ধু ও বাংলাদেশ /
_cখায়রুল আলম মনির
250 _a1st Edn.
260 _aঢাকা :
_bনুসরাত প্রকাশনী,
_cc2019.
300 _a352 p.:
_c22 cm.
505 _aবঙ্গবন্ধু ও বাংলাদেশ, বঙ্গবন্ধু, বাংলাদেশ, খায়রুল আলম মনির
650 0 _93573
_aবঙ্গবন্ধু
650 0 _94372
_aBangabandhu
856 _k0
_l0
_yDownload
942 _2ddc
_cBK
999 _c6648
_d6648